000 00490nam a2200193Ia 4500
001 8518
003 GE_BSU
008 181216s||||||||xx |||||||||||||| ||und||
040 _cGE_BSU
080 _a821.353.1-11
100 _aვაკელი,იონა.
245 _aორი პოემა.
260 _aტფილისი.
260 _bქართული წიგნი
260 _c1931.
300 _a52გვ;16სმ.
653 _aპოემა.
942 _cBK
999 _c41835
_d41835